Normal view
MARC view
- Law--Language
Entry Topical Term
001 - CONTROL NUMBER
- control field: 114438
003 - CONTROL NUMBER IDENTIFIER
- control field: NUST
005 - DATE AND TIME OF LATEST TRANSACTION
- control field: 20230904153149.0
008 - FIXED-LENGTH DATA ELEMENTS
- fixed length control field: 230904|| aca||aabn | a|a d
040 ## - CATALOGING SOURCE
- Original cataloging agency: NUST
- Transcribing agency: NUST
150 ## - HEADING--TOPICAL TERM
- Topical term or geographic name entry element: Law--Language
670 ## - SOURCE DATA FOUND
- Source citation: Work cat.: (NUST)595503: Tiscione, Kristen Konrad 114106, Legal writing : from advice to advocacy :, 2021.
